[Event "Interclubs C.Valenciana - D.Honor"]
[Site "Alfás del Pi ESP"]
[Date "2005.01.22"]
[Round "2.1"]
[White "Torres Sanchez, Jose"]
[Black "Saldano, Horacio"]
[Result "1-0"]
[WhiteElo "2278"]
[BlackElo "2482"]
[PlyCount "77"]
[EventDate "2005.01.22"]
[EventType "team"]
[EventRounds "10"]
[EventCountry "ESP"]
[Source "lmi"]
[SourceDate "2005.01.25"]
[WhiteTeam "Valencia V"]
[BlackTeam "Enric Valor III"]
[WhiteTeamCountry "ESP"]
[BlackTeamCountry "ESP"]

1. d4 d5 2. Nf3 Nf6 3. c4 c6 4. e3 a6 5. Nc3 e6 6. Bd3 dxc4 7. Bxc4 b5 8. Bd3
Nbd7 9. a4 b4 10. Ne4 c5 11. dxc5 Nxc5 12. Nxc5 Bxc5 13. Qe2 Bb7 14. e4 h6 15.
O-O a5 16. Bb5+ Ke7 17. Be3 Qb6 18. Bxc5+ Qxc5 19. Rac1 Qb6 20. Ne5 Rhd8 21.
Nc4 Qa7 22. e5 Nd5 23. Nd6 Qb6 24. Nxb7 Qxb7 25. Bc6 Qa6 26. Qc2 Kf8 27. Bxa8
Qxa8 28. Qh7 Ke7 29. Rfd1 Kf8 30. Kh1 Ke7 31. Qxg7 Rg8 32. Qxh6 Rxg2 33. Rxd5
Qxd5 34. Qf6+ Kd7 35. Qxf7+ Kd8 36. Qf8+ Kd7 37. Qc8+ Ke7 38. Rc7+ Qd7 39.
Rxd7# 1-0

[Event "Interclubs C.Valenciana - D.Honor"]
[Site "Alfás del Pi ESP"]
[Date "2005.01.22"]
[Round "2.2"]
[White "Campos Gambuti, Luis Maria"]
[Black "Valmana Canto, Jaime"]
[Result "1-0"]
[WhiteElo "2438"]
[BlackElo "2184"]
[PlyCount "106"]
[EventDate "2005.01.22"]
[EventType "team"]
[EventRounds "10"]
[EventCountry "ESP"]
[Source "lmi"]
[SourceDate "2005.01.25"]
[WhiteTeam "Valencia V"]
[BlackTeam "Enric Valor III"]
[WhiteTeamCountry "ESP"]
[BlackTeamCountry "ESP"]

1. d4 d6 2. Nf3 Nf6 3. g3 g6 4. Bg2 Bg7 5. O-O O-O 6. a4 a5 7. Nbd2 Nbd7 8. c3
c6 9. e4 Qc7 10. b3 Re8 11. Qc2 b5 12. axb5 cxb5 13. e5 Nd5 14. c4 Nb4 15. Qe4
Bb7 16. exd6 Bxe4 17. dxc7 Bd3 18. Ne5 Bxe5 19. Bxa8 Bxc7 20. Bg2 Bxf1 21. Bxf1
Nc2 22. Ra2 Nxd4 23. Bb2 e5 24. cxb5 Nc5 25. Bc4 Rd8 26. Bc3 Nb7 27. b4 axb4
28. Bxb4 Bd6 29. Bc3 Rc8 30. Bxd4 exd4 31. Ra7 Nd8 32. Rd7 Be5 33. b6 Rb8 34.
Rd5 Bg7 35. Rb5 Nb7 36. Bd5 Nd6 37. Rb3 Kf8 38. b7 Ke7 39. Nf3 Kd7 40. Rb4 Kc7
41. Nxd4 Bxd4 42. Rxd4 f6 43. Rf4 Rf8 44. Rh4 Rh8 45. Kg2 h6 46. Ra4 Rb8 47.
Ra6 Rf8 48. h4 Nxb7 49. Ra7 Rb8 50. Kf3 f5 51. Kf4 Kb6 52. Rxb7+ Rxb7 53. Bxb7
Kxb7 1-0

[Event "Interclubs C.Valenciana - D.Honor"]
[Site "Alfás del Pi ESP"]
[Date "2005.01.22"]
[Round "2.3"]
[White "Bermejo Martinez, Jorge"]
[Black "Clement Gomez, Jose A"]
[Result "0-1"]
[WhiteElo "2195"]
[BlackElo "2327"]
[PlyCount "40"]
[EventDate "2005.01.22"]
[EventType "team"]
[EventRounds "10"]
[EventCountry "ESP"]
[Source "lmi"]
[SourceDate "2005.01.25"]
[WhiteTeam "Valencia V"]
[BlackTeam "Enric Valor III"]
[WhiteTeamCountry "ESP"]
[BlackTeamCountry "ESP"]

1. d4 Nf6 2. c4 e6 3. Nc3 Bb4 4. e3 b6 5. Bd3 Bb7 6. Nge2 Bxg2 7. Rg1 Be4 8. a3
Bxc3+ 9. Nxc3 Bg6 10. e4 d5 11. e5 Ne4 12. Bxe4 dxe4 13. Bg5 Qd7 14. d5 O-O 15.
h4 h5 16. dxe6 Qxe6 17. Qd5 Nc6 18. Qxe6 fxe6 19. Bf6 Kh7 20. Bg5 Nxe5 0-1

[Event "Interclubs C.Valenciana - D.Honor"]
[Site "Alfás del Pi ESP"]
[Date "2005.01.22"]
[Round "2.4"]
[White "Dougan Maho, Harold"]
[Black "Salvador Lopez, Daniel"]
[Result "1/2-1/2"]
[WhiteElo "2248"]
[BlackElo "2127"]
[PlyCount "99"]
[EventDate "2005.01.22"]
[EventType "team"]
[EventRounds "10"]
[EventCountry "ESP"]
[Source "lmi"]
[SourceDate "2005.01.25"]
[WhiteTeam "Valencia V"]
[BlackTeam "Enric Valor III"]
[WhiteTeamCountry "ESP"]
[BlackTeamCountry "ESP"]

1. e4 d5 2. exd5 Qxd5 3. Nc3 Qa5 4. b4 Qxb4 5. Rb1 Qd6 6. Nb5 Qd8 7. d4 c6 8.
Nc3 Nf6 9. Ba3 g6 10. Bc4 Nbd7 11. Nf3 Nb6 12. Bb3 Bg7 13. Qe2 Nfd5 14. Nxd5
cxd5 15. O-O Bf6 16. Rfe1 Bg4 17. Qe3 Bxf3 18. Qxf3 O-O 19. Bc5 Rc8 20. a4 Nd7
21. Ba3 b6 22. Qxd5 e6 23. Qf3 Re8 24. Rbd1 Kg7 25. Rd3 Qc7 26. Bc1 e5 27. Qd5
Re7 28. Ba3 Re6 29. Qf3 Ree8 30. d5 Nc5 31. d6 Qd7 32. Rd5 e4 33. Qxf6+ Kxf6
34. Bb2+ Ke6 35. Rxc5+ Kxd6 36. Rd1+ Kxc5 37. Rxd7 Red8 38. Rxd8 Rxd8 39. g3 f5
40. Kf1 Kb4 41. Ke2 a5 42. Bf6 Rd7 43. Bg5 Kc3 44. h4 Rb7 45. Bd2+ Kb2 46. Be3
b5 47. axb5 Rxb5 48. Bd2 Ka3 49. Ke3 a4 50. Bc1+ 1/2-1/2

[Event "Interclubs C.Valenciana - D.Honor"]
[Site "Alfás del Pi ESP"]
[Date "2005.01.22"]
[Round "2.5"]
[White "Remoli Sargues, Francisco"]
[Black "Rosa Cintas, Raul"]
[Result "0-1"]
[WhiteElo "2115"]
[BlackElo "2137"]
[PlyCount "96"]
[EventDate "2005.01.22"]
[EventType "team"]
[EventRounds "10"]
[EventCountry "ESP"]
[Source "lmi"]
[SourceDate "2005.01.25"]
[WhiteTeam "Valencia V"]
[BlackTeam "Enric Valor III"]
[WhiteTeamCountry "ESP"]
[BlackTeamCountry "ESP"]

1. e4 Nf6 2. e5 Nd5 3. d4 d6 4. Nf3 Nc6 5. Be2 Bg4 6. O-O dxe5 7. dxe5 e6 8. c4
Nb6 9. b3 Qxd1 10. Bxd1 O-O-O 11. Bb2 Nd7 12. Nbd2 Bb4 13. a3 Bxd2 14. Nxd2
Bxd1 15. Raxd1 Ndxe5 16. Ne4 Rxd1 17. Rxd1 f6 18. Nc5 Re8 19. Re1 b6 20. Bxe5
bxc5 21. Bf4 Na5 22. Rb1 Rd8 23. g3 Rd3 24. b4 Nxc4 25. Rc1 e5 26. Rxc4 exf4
27. Rxf4 Rxa3 28. bxc5 Rc3 29. Re4 Kb7 30. Rb4+ Kc8 31. Rb5 a6 32. Ra5 Kb7 33.
Kf1 Rb3 34. Ra4 Rb5 35. Rh4 h6 36. Rg4 g5 37. Rc4 Kc6 38. Re4 Kxc5 39. Re6 Rb6
40. Re7 Rc6 41. Ke2 a5 42. Kd3 Kb4 43. Re1 Rc3+ 44. Kd2 a4 45. Re4+ Rc4 46. Re1
a3 47. Rb1+ Ka4 48. Re1 Rb4 0-1

[Event "Interclubs C.Valenciana - D.Honor"]
[Site "Alfás del Pi ESP"]
[Date "2005.01.22"]
[Round "2.6"]
[White "Torregrosa, Molina Jose"]
[Black "Andres Julia, Vicente Ramon"]
[Result "0-1"]
[WhiteElo "2013"]
[BlackElo "2065"]
[PlyCount "100"]
[EventDate "2005.01.22"]
[EventType "team"]
[EventRounds "10"]
[EventCountry "ESP"]
[Source "lmi"]
[SourceDate "2005.01.25"]
[WhiteTeam "Valencia V"]
[BlackTeam "Enric Valor III"]
[WhiteTeamCountry "ESP"]
[BlackTeamCountry "ESP"]

1. b3 e5 2. Bb2 d6 3. e3 f5 4. Ne2 Nf6 5. d4 Nbd7 6. g3 Be7 7. Bg2 O-O 8. c4 c6
9. Qc2 e4 10. Nf4 Nb6 11. Nc3 g5 12. Nfe2 a5 13. a4 Qe8 14. h4 h6 15. hxg5 hxg5
16. O-O-O Ng4 17. Rdf1 d5 18. Bh3 Nh6 19. Rh2 Kg7 20. Rfh1 Rh8 21. c5 Nd7 22.
Bxf5 Nf6 23. Bxc8 Rxc8 24. Qd1 Nfg4 25. Qf1 Nxh2 26. Rxh2 Ng4 27. Rg2 Qh5 28.
Kd2 Nh2 29. Qa1 Nf3+ 30. Kc2 Qg4 31. Ng1 Rh1 32. Nce2 Rch8 33. Bc3 Nh4 34. Qf1
Nxg2 35. Qxg2 R1h2 36. Qf1 Rf8 37. Be1 Bd8 38. Nc3 Qxg3 39. Nge2 Qxe3 40. Qg1
Rhxf2 41. Bxf2 Rxf2 42. Qg4 Bf6 43. Qd7+ Kg6 44. Qe8+ Kh6 45. Qf8+ Bg7 46. Qd6+
Kh7 47. Qe7 Qxd4 48. Kb1 Rxe2 49. Qxg5 Re1+ 50. Ka2 Ra1+ 0-1

[Event "Interclubs C.Valenciana - D.Honor"]
[Site "Alfás del Pi ESP"]
[Date "2005.01.22"]
[Round "2.2"]
[White "Frasquet Solbes, Elias"]
[Black "Ibanez Aullana, Jose Ramon"]
[Result "1/2-1/2"]
[WhiteElo "2152"]
[BlackElo "2305"]
[PlyCount "57"]
[EventDate "2005.01.22"]
[EventType "team"]
[EventRounds "10"]
[EventCountry "ESP"]
[Source "lmi"]
[SourceDate "2005.01.25"]
[WhiteTeam "Alzira"]
[BlackTeam "Fomento Gandia II"]
[WhiteTeamCountry "ESP"]
[BlackTeamCountry "ESP"]

1. c4 Nf6 2. Nf3 g6 3. b3 Bg7 4. Bb2 O-O 5. g3 d6 6. d4 e5 7. dxe5 Ng4 8. Bg2
Nc6 9. h3 Ngxe5 10. Nxe5 Nxe5 11. Nc3 Rb8 12. O-O a6 13. Qd2 b5 14. f4 Nd7 15.
cxb5 axb5 16. Nd5 Bxb2 17. Qxb2 Bb7 18. Rac1 Bxd5 19. Bxd5 Nf6 20. Bf3 Qe7 21.
Rfd1 c5 22. Kg2 Rfd8 23. Rd3 b4 24. Rcd1 Ne4 25. h4 Nc3 26. R1d2 d5 27. Rxc3
bxc3 28. Qxc3 c4 29. bxc4 1/2-1/2

[Event "Interclubs C.Valenciana - D.Honor"]
[Site "Alfás del Pi ESP"]
[Date "2005.01.22"]
[Round "2.3"]
[White "Mullor Gomez, Luis"]
[Black "Crecente Penalba, Jose Manuel"]
[Result "1/2-1/2"]
[WhiteElo "2331"]
[BlackElo "2108"]
[PlyCount "23"]
[EventDate "2005.01.22"]
[EventType "team"]
[EventRounds "10"]
[EventCountry "ESP"]
[Source "lmi"]
[SourceDate "2005.01.25"]
[WhiteTeam "Alzira"]
[BlackTeam "Fomento Gandia II"]
[WhiteTeamCountry "ESP"]
[BlackTeamCountry "ESP"]

1. e4 e5 2. Nf3 Nf6 3. Nc3 Nc6 4. Be2 d5 5. exd5 Nxd5 6. O-O Be7 7. Bb5 Nxc3 8.
bxc3 e4 9. Nd4 Qd5 10. Re1 O-O 11. Nxc6 bxc6 12. Ba4 1/2-1/2

[Event "Interclubs C.Valenciana - D.Honor"]
[Site "Alfás del Pi ESP"]
[Date "2005.01.22"]
[Round "2.4"]
[White "Minana Menor, Antonio"]
[Black "Mezcua Coronil, Felix"]
[Result "1/2-1/2"]
[WhiteElo "2089"]
[BlackElo "2249"]
[PlyCount "27"]
[EventDate "2005.01.22"]
[EventType "team"]
[EventRounds "10"]
[EventCountry "ESP"]
[Source "lmi"]
[SourceDate "2005.01.25"]
[WhiteTeam "Alzira"]
[BlackTeam "Fomento Gandia II"]
[WhiteTeamCountry "ESP"]
[BlackTeamCountry "ESP"]

1. e4 g6 2. d4 Bg7 3. Nf3 c6 4. Bf4 d5 5. e5 h5 6. h3 Nh6 7. Bd3 Nf5 8. c3 a5
9. a4 Qb6 10. Qc2 Na6 11. Nbd2 Bd7 12. Nf1 c5 13. Ne3 Nxe3 14. fxe3 1/2-1/2

[Event "Interclubs C.Valenciana - D.Honor"]
[Site "Alfás del Pi ESP"]
[Date "2005.01.22"]
[Round "2.6"]
[White "Ferrer Berenguer, Ligorio"]
[Black "Reig Albero, Ferran"]
[Result "1/2-1/2"]
[WhiteElo "2124"]
[BlackElo "2213"]
[PlyCount "31"]
[EventDate "2005.01.22"]
[EventType "team"]
[EventRounds "10"]
[EventCountry "ESP"]
[Source "lmi"]
[SourceDate "2005.01.25"]
[WhiteTeam "Alzira"]
[BlackTeam "Fomento Gandia II"]
[WhiteTeamCountry "ESP"]
[BlackTeamCountry "ESP"]

1. e4 c5 2. Nc3 Nc6 3. g3 g6 4. Bg2 Bg7 5. Nf3 d6 6. d3 Nf6 7. O-O O-O 8. Be3
Rb8 9. h3 b5 10. Qd2 b4 11. Ne2 Nd7 12. Bh6 Bxb2 13. Bxf8 Bxa1 14. Bxe7 Qxe7
15. Rxa1 Qf6 16. Rb1 1/2-1/2

[Event "Interclubs C.Valenciana - D.Honor"]
[Site "Alfás del Pi ESP"]
[Date "2005.01.23"]
[Round "3.2"]
[White "Garcia Fernandez, Carlos"]
[Black "Frasquet Solbes, Elias"]
[Result "1/2-1/2"]
[WhiteElo "2360"]
[BlackElo "2152"]
[PlyCount "55"]
[EventDate "2005.01.22"]
[EventType "team"]
[EventRounds "10"]
[EventCountry "ESP"]
[Source "lmi"]
[SourceDate "2005.01.25"]
[WhiteTeam "Fomento Gandia II"]
[BlackTeam "Burjassot VI"]
[WhiteTeamCountry "ESP"]
[BlackTeamCountry "ESP"]

1. e4 c6 2. d4 d5 3. Nd2 dxe4 4. Nxe4 Nf6 5. Ng3 Nbd7 6. Nf3 e6 7. Bd3 c5 8.
O-O Be7 9. c3 cxd4 10. cxd4 Nb6 11. Bc2 Bd7 12. Ne5 Rc8 13. a3 Bc6 14. Re1 O-O
15. Bg5 Nbd5 16. Qd3 a6 17. Rac1 b5 18. Bb1 Bb7 19. Rxc8 Qxc8 20. Rc1 Qa8 21.
Nd7 Rc8 22. Re1 g6 23. Ne5 Rc7 24. h4 Bf8 25. h5 Bg7 26. hxg6 hxg6 27. Ba2 Qc8
28. Bb3 1/2-1/2

[Event "Interclubs C.Valenciana - D.Honor"]
[Site "Alfás del Pi ESP"]
[Date "2005.01.23"]
[Round "3.3"]
[White "Crecente Penalba, Jose Manuel"]
[Black "Galvan, Jesus"]
[Result "0-1"]
[WhiteElo "2108"]
[BlackElo "2218"]
[PlyCount "120"]
[EventDate "2005.01.22"]
[EventType "team"]
[EventRounds "10"]
[EventCountry "ESP"]
[Source "lmi"]
[SourceDate "2005.01.25"]
[WhiteTeam "Fomento Gandia II"]
[BlackTeam "Burjassot VI"]
[WhiteTeamCountry "ESP"]
[BlackTeamCountry "ESP"]

1. d4 d5 2. Nf3 c6 3. c4 Nf6 4. Nc3 a6 5. c5 g6 6. Bf4 Bg7 7. e3 O-O 8. Bd3
Nbd7 9. h3 Re8 10. b4 Nh5 11. Bh2 e5 12. Nxe5 Nxe5 13. Bxe5 Bxe5 14. dxe5 Qg5
15. Qf3 Qxe5 16. Rc1 d4 17. Nd1 Nf4 18. Bc4 Be6 19. O-O Nd5 20. Bxd5 Bxd5 21.
Qg4 dxe3 22. Nxe3 Bxa2 23. Rfd1 Rad8 24. Qh4 Qe7 25. Qf4 Bd5 26. Ng4 f5 27. Ne3
Qe4 28. Qg5 f4 29. Nxd5 cxd5 30. c6 bxc6 31. Rxc6 Rd7 32. h4 d4 33. Rc4 Kg7 34.
h5 Re5 35. h6+ Kf7 36. Qg4 Red5 37. Rc8 Qe5 38. Rc4 Qf5 39. Qxf5+ gxf5 40. Rd3
Kg6 41. Rc6+ R7d6 42. Rxd6+ Rxd6 43. Kf1 Kf6 44. Ke2 Ke5 45. Ra3 f3+ 46. gxf3
Kf4 47. Ra5 Kg5 48. Kd3 Kf4 49. Ke2 Rxh6 50. Rd5 Re6+ 51. Kd3 h5 52. Rxd4+ Kxf3
53. Rh4 Rh6 54. Rh2 h4 55. Kd4 h3 56. Ke5 f4 57. Kf5 Rh5+ 58. Kg6 Kg4 59. f3+
Kg3 60. Rh1 Rb5 0-1

[Event "Interclubs C.Valenciana - D.Honor"]
[Site "Alfás del Pi ESP"]
[Date "2005.01.23"]
[Round "3.4"]
[White "Corona Gentil, Jose Luis"]
[Black "Minana Menor, Antonio"]
[Result "1-0"]
[WhiteElo "2143"]
[BlackElo "2089"]
[PlyCount "99"]
[EventDate "2005.01.22"]
[EventType "team"]
[EventRounds "10"]
[EventCountry "ESP"]
[Source "lmi"]
[SourceDate "2005.01.25"]
[WhiteTeam "Fomento Gandia II"]
[BlackTeam "Burjassot VI"]
[WhiteTeamCountry "ESP"]
[BlackTeamCountry "ESP"]

1. e4 c5 2. Nf3 d6 3. d4 cxd4 4. Nxd4 Nf6 5. Nc3 g6 6. Be2 Bg7 7. O-O O-O 8.
Kh1 Nc6 9. Be3 d5 10. exd5 Nxd5 11. Nxd5 Qxd5 12. Bf3 Qc4 13. Nxc6 bxc6 14. c3
Ba6 15. Rg1 e5 16. Qb3 Rab8 17. Qxc4 Bxc4 18. b3 Bd5 19. Bxd5 cxd5 20. Bxa7 Rb7
21. Bc5 Rc8 22. b4 Bf8 23. Bxf8 Kxf8 24. Rgb1 Rxc3 25. a4 Ke7 26. b5 Rc5 27. g3
Kd7 28. Kg2 Kc7 29. Rc1 Kd6 30. Kf3 f5 31. Ke3 Rb8 32. Kd3 Ra8 33. Rxc5 Kxc5
34. Kc3 Rc8 35. Kb3 Kb6 36. Rd1 Rc5 37. h3 g5 38. Kb4 Rc4+ 39. Kb3 Kc5 40. Rd2
h5 41. Rc2 f4 42. Rxc4+ dxc4+ 43. Kc3 fxg3 44. fxg3 e4 45. b6 Kxb6 46. Kxc4 h4
47. g4 Ka5 48. Kd4 Kxa4 49. Kxe4 Kb5 50. Kf5 1-0

[Event "Interclubs C.Valenciana - D.Honor"]
[Site "Alfás del Pi ESP"]
[Date "2005.01.23"]
[Round "3.1"]
[White "Saldano, Horacio"]
[Black "Cabrera, Alexis"]
[Result "1/2-1/2"]
[WhiteElo "2482"]
[BlackElo "2502"]
[PlyCount "22"]
[EventDate "2005.01.22"]
[EventType "team"]
[EventRounds "10"]
[EventCountry "ESP"]
[Source "lmi"]
[SourceDate "2005.01.25"]
[WhiteTeam "Enric Valor III"]
[BlackTeam "Alzira"]
[WhiteTeamCountry "ESP"]
[BlackTeamCountry "ESP"]

1. d4 d5 2. c4 c6 3. Nf3 Nf6 4. Nc3 dxc4 5. a4 Bf5 6. e3 e6 7. Bxc4 Bb4 8. O-O
Nbd7 9. Qe2 Bg4 10. Rb1 Qa5 11. Bd2 Qh5 1/2-1/2

[Event "Interclubs C.Valenciana - D.Honor"]
[Site "Alfás del Pi ESP"]
[Date "2005.01.23"]
[Round "3.2"]
[White "Ibanez Aullana, Jose Ramon"]
[Black "Campos Gambuti, Luis Maria"]
[Result "1/2-1/2"]
[WhiteElo "2305"]
[BlackElo "2438"]
[PlyCount "78"]
[EventDate "2005.01.22"]
[EventType "team"]
[EventRounds "10"]
[EventCountry "ESP"]
[Source "lmi"]
[SourceDate "2005.01.25"]
[WhiteTeam "Enric Valor III"]
[BlackTeam "Alzira"]
[WhiteTeamCountry "ESP"]
[BlackTeamCountry "ESP"]

1. e4 Nf6 2. e5 Nd5 3. d4 d6 4. Nf3 Bg4 5. Be2 e6 6. O-O Nc6 7. exd6 cxd6 8. c4
Nb6 9. d5 exd5 10. cxd5 Bxf3 11. Bxf3 Ne5 12. Be2 Be7 13. Bb5+ Ned7 14. Nc3 O-O
15. Re1 a6 16. Bf1 Rc8 17. Re3 Bg5 18. Rh3 Bxc1 19. Rxc1 Nf6 20. Bd3 Re8 21.
Bxh7+ Nxh7 22. Qh5 Qg5 23. Qxh7+ Kf8 24. Rd1 Re5 25. Rg3 Qh6 26. Qxh6 gxh6 27.
f4 Re7 28. Rh3 Kg7 29. Rd4 Nc4 30. b3 Ne3 31. Re4 Rxe4 32. Nxe4 Rc1+ 33. Kf2
Nxd5 34. Rg3+ Kf8 35. Nxd6 Rc2+ 36. Kf3 b5 37. Ke4 Nf6+ 38. Kf5 Nh5 39. Rh3
Ng7+ 1/2-1/2

[Event "Interclubs C.Valenciana - D.Honor"]
[Site "Alfás del Pi ESP"]
[Date "2005.01.23"]
[Round "3.3"]
[White "Clement Gomez, Jose A"]
[Black "Mullor Gomez, Luis"]
[Result "1/2-1/2"]
[WhiteElo "2327"]
[BlackElo "2331"]
[PlyCount "26"]
[EventDate "2005.01.22"]
[EventType "team"]
[EventRounds "10"]
[EventCountry "ESP"]
[Source "lmi"]
[SourceDate "2005.01.25"]
[WhiteTeam "Enric Valor III"]
[BlackTeam "Alzira"]
[WhiteTeamCountry "ESP"]
[BlackTeamCountry "ESP"]

1. c4 e5 2. Nc3 Nc6 3. g3 f5 4. Bg2 Nf6 5. e3 d5 6. cxd5 Nb4 7. d3 Nbxd5 8.
Nxd5 Nxd5 9. a3 Nf6 10. Ne2 c6 11. O-O Bd6 12. Qb3 Qe7 13. Bd2 Be6 1/2-1/2

[Event "Interclubs C.Valenciana - D.Honor"]
[Site "Alfás del Pi ESP"]
[Date "2005.01.23"]
[Round "3.4"]
[White "Mezcua Coronil, Felix"]
[Black "Gallego Rico, Sergi"]
[Result "1-0"]
[WhiteElo "2249"]
[BlackElo "2068"]
[PlyCount "127"]
[EventDate "2005.01.22"]
[EventType "team"]
[EventRounds "10"]
[EventCountry "ESP"]
[Source "lmi"]
[SourceDate "2005.01.25"]
[WhiteTeam "Enric Valor III"]
[BlackTeam "Alzira"]
[WhiteTeamCountry "ESP"]
[BlackTeamCountry "ESP"]

1. e4 Nf6 2. e5 Nd5 3. d4 d6 4. Nf3 Bg4 5. Be2 Nb6 6. O-O Nc6 7. exd6 exd6 8.
d5 Bxf3 9. Bxf3 Ne5 10. Re1 Be7 11. Be2 O-O 12. f4 Ng6 13. Nc3 Bf6 14. Ne4 Re8
15. Bb5 Rf8 16. c3 a6 17. Be2 Re8 18. Qd3 Nd7 19. Be3 Qe7 20. Bf3 Nh4 21. Bf2
Nxf3+ 22. Qxf3 Qd8 23. Re2 Nc5 24. Bxc5 dxc5 25. Rae1 Be7 26. Qh5 Rf8 27. c4
Bf6 28. Nxf6+ Qxf6 29. Qe5 Qb6 30. b3 a5 31. Re3 Rac8 32. Rg3 Qh6 33. Rh3 Qg6
34. f5 Qd6 35. Qxd6 cxd6 36. Re7 b6 37. Rhe3 Rfd8 38. Rb7 Rb8 39. Ree7 Rxb7 40.
Rxb7 Kf8 41. Rxb6 Ke7 42. Ra6 Kf6 43. Rxa5 Kxf5 44. Kf2 h5 45. Ra7 Kf6 46. Ke3
g5 47. Kd3 Kg6 48. a4 f5 49. a5 f4 50. a6 Rb8 51. Rb7 Ra8 52. Rb6 Kf5 53. Rxd6
Kg4 54. Ke2 h4 55. Kf2 h3 56. gxh3+ Kxh3 57. Rh6+ Kg4 58. h3+ Kf5 59. Rc6 g4
60. hxg4+ Kxg4 61. d6 Ra7 62. Rxc5 Rxa6 63. d7 Ra2+ 64. Ke1 1-0

[Event "Interclubs C.Valenciana - D.Honor"]
[Site "Alfás del Pi ESP"]
[Date "2005.01.23"]
[Round "3.5"]
[White "Torregrosa, Molina Jose"]
[Black "Adell Corts, Francisco"]
[Result "0-1"]
[WhiteElo "2013"]
[BlackElo "2196"]
[PlyCount "106"]
[EventDate "2005.01.22"]
[EventType "team"]
[EventRounds "10"]
[EventCountry "ESP"]
[Source "lmi"]
[SourceDate "2005.01.25"]
[WhiteTeam "Enric Valor III"]
[BlackTeam "Alzira"]
[WhiteTeamCountry "ESP"]
[BlackTeamCountry "ESP"]

1. e4 c5 2. f4 Nc6 3. Nf3 g6 4. d3 Bg7 5. Be2 e6 6. c3 Nge7 7. Be3 b6 8. O-O d5
9. Qc2 Bb7 10. a4 Rc8 11. Nbd2 O-O 12. Rfd1 Nd4 13. Bxd4 cxd4 14. c4 Qc7 15. g3
Rfd8 16. Rac1 dxe4 17. dxe4 Qc5 18. Bd3 Nc6 19. b3 Nb4 20. Qb1 Qh5 21. Kg2 e5
22. Nxe5 Bxe5 23. fxe5 Qxe5 24. Nf3 Qh5 25. Rf1 Re8 26. Rce1 Rcd8 27. Qd1 Bc8
28. Rf2 Bg4 29. Qd2 Nc6 30. Qf4 Bxf3+ 31. Qxf3 Qxf3+ 32. Kxf3 Ne5+ 33. Ke2 a5
34. Rf6 Re6 35. Ref1 Kg7 36. R6f2 Rd7 37. Kd2 Rde7 38. h3 h5 39. Rf4 Nd7 40. c5
Nxc5 41. Bc4 Nxe4+ 42. Kd3 Nxg3 43. Bxe6 Nxf1 44. Rxf1 Rxe6 45. Kxd4 Rf6 46.
Re1 Rf3 47. Kc4 Rxh3 48. Rb1 Rh4+ 49. Kd5 Rb4 50. Ke5 h4 51. Kd6 h3 52. Ke7 g5
53. Rf1 f6 0-1

[Event "Interclubs C.Valenciana - D.Honor"]
[Site "Alfás del Pi ESP"]
[Date "2005.01.23"]
[Round "3.6"]
[White "Reig Albero, Ferran"]
[Black "Diez Machin, Vicente"]
[Result "1-0"]
[WhiteElo "2213"]
[BlackElo "2081"]
[PlyCount "59"]
[EventDate "2005.01.22"]
[EventType "team"]
[EventRounds "10"]
[EventCountry "ESP"]
[Source "lmi"]
[SourceDate "2005.01.25"]
[WhiteTeam "Enric Valor III"]
[BlackTeam "Alzira"]
[WhiteTeamCountry "ESP"]
[BlackTeamCountry "ESP"]

1. e4 c5 2. Nf3 e6 3. d4 cxd4 4. Nxd4 Nc6 5. Nc3 Qc7 6. Be3 a6 7. Bd3 Nf6 8.
O-O Ne5 9. h3 Bc5 10. Be2 d6 11. Qd2 O-O 12. f4 Ng6 13. Kh1 b5 14. Bf3 Bb7 15.
f5 Bxd4 16. Bxd4 Ne5 17. Bxe5 dxe5 18. fxe6 fxe6 19. a3 Rad8 20. Qg5 Rd4 21.
Rae1 b4 22. axb4 Rxb4 23. Bg4 Rxb2 24. Bxe6+ Kh8 25. Nd5 Qd6 26. Nxf6 Qxe6 27.
Nh5 Rg8 28. Rf8 g6 29. Rxg8+ Kxg8 30. Qd8+ 1-0

[Event "Interclubs C.Valenciana - D.Honor"]
[Site "Alfás del Pi ESP"]
[Date "2005.01.23"]
[Round "3.2"]
[White "Valmana Canto, Jaime"]
[Black "Castella Garcia, Fausto"]
[Result "0-1"]
[WhiteElo "2184"]
[BlackElo "2414"]
[PlyCount "88"]
[EventDate "2005.01.22"]
[EventType "team"]
[EventRounds "10"]
[EventCountry "ESP"]
[Source "lmi"]
[SourceDate "2005.01.25"]
[WhiteTeam "Ciudad de Manises IV"]
[BlackTeam "Valencia V"]
[WhiteTeamCountry "ESP"]
[BlackTeamCountry "ESP"]

1. e4 c5 2. Nf3 e6 3. c3 d5 4. e5 d4 5. a4 Nc6 6. Na3 Nge7 7. g3 Ng6 8. Qe2 f6
9. exf6 gxf6 10. d3 Bg7 11. cxd4 cxd4 12. Bd2 O-O 13. Bg2 e5 14. O-O Be6 15. b4
Qd7 16. b5 Nce7 17. Bb4 Rfe8 18. Nc4 Nd5 19. Bd2 Kh8 20. h4 Bg4 21. Qe4 f5 22.
Nfxe5 fxe4 23. Nxd7 Bxd7 24. dxe4 Nc3 25. Bxc3 dxc3 26. f4 Bd4+ 27. Kh2 Rec8
28. Nd6 c2 29. Nxc8 Bxa1 30. Rxa1 Rxc8 31. Rc1 Bg4 32. e5 Bf5 33. Bxb7 Rd8 34.
Bf3 Rd2+ 35. Kg1 Be4 36. Bh5 Rg2+ 37. Kf1 Ne7 38. e6 Nf5 39. Ke1 Rxg3 40. Kd2
Rh3 41. Re1 Rh2+ 42. Kc1 Nd4 43. e7 Nb3+ 44. Kb2 c1=Q+ 0-1

[Event "Interclubs C.Valenciana - D.Honor"]
[Site "Alfás del Pi ESP"]
[Date "2005.01.23"]
[Round "3.3"]
[White "Camarena Gimenez, Rufino"]
[Black "Bermejo Martinez, Jorge"]
[Result "1-0"]
[WhiteElo "2361"]
[BlackElo "2195"]
[PlyCount "51"]
[EventDate "2005.01.22"]
[EventType "team"]
[EventRounds "10"]
[EventCountry "ESP"]
[Source "lmi"]
[SourceDate "2005.01.25"]
[WhiteTeam "Ciudad de Manises IV"]
[BlackTeam "Valencia V"]
[WhiteTeamCountry "ESP"]
[BlackTeamCountry "ESP"]

1. Nf3 e6 2. g3 d5 3. Bg2 Nf6 4. O-O c6 5. d3 Bd6 6. Nbd2 O-O 7. e4 Nbd7 8. Qe2
e5 9. b3 Re8 10. Bb2 Qe7 11. Rae1 d4 12. Nh4 g6 13. f4 exf4 14. gxf4 Nd5 15.
Qg4 Ne3 16. Rxe3 dxe3 17. Nf5 Qe6 18. Nh6+ Kf8 19. f5 gxf5 20. Qg7+ Ke7 21.
exf5 Bxh2+ 22. Kh1 Qd6 23. Ne4 Qc7 24. Nxf7 Rf8 25. Nfd6+ Kd8 26. Qg5+ 1-0